000
00298nam a2200109Ia 4500
005
20251222142004.0
008
251222s9999||||xx |||||||||||||| ||spa||
082
_a
750.924.69/C46
245
0
_a
Eduardo Luiz:
264
_b
Centre Culturel Portugais de la Fondatión Calouste Gulbenkian
942
_c
LIB
999
_c
10122
_d
10122